header

State and society in the early Middle Ages (Record no. 2760)

MARC details
000 -LEADER
fixed length control field 01945nam a2200421 a 4500
082 04 - DEWEY DECIMAL CLASSIFICATION NUMBER
Classification number 306.2/09434
100 1# - MAIN ENTRY--AUTHOR NAME
Personal name Innes, Matthew.
245 10 - TITLE STATEMENT
Title State and society in the early Middle Ages
260 ## - PUBLICATION, DISTRIBUTION, ETC. (IMPRINT)
Place of publication Cambridge, UK ;
-- New York, NY :
Name of publisher Cambridge University Press,
Year of publication 2000.
300 ## - PHYSICAL DESCRIPTION
Number of Pages xvi, 316 p. :
Other physical details ill., maps.
490 1# - SERIES STATEMENT
Series statement Cambridge studies in medieval life and thought
650 #0 - SUBJECT ADDED ENTRY--TOPICAL TERM
Topical Term Political culture
Topical Term Cities and towns, Medieval
Topical Term Elite (Social sciences)
Topical Term Church and state
Topical Term Local government
Topical Term Monasticism and religious orders
856 40 - ELECTRONIC LOCATION AND ACCESS
Uniform Resource Identifier http://site.ebrary.com/lib/rucke/Doc?id=5000328

No items available.

© 2026 Rongo University
Contact us: librarian | system librarian | Rongo university